Online Catalogue and eLibrary

University education and graduate employment in Sri Lanka (Record no. 2970)

MARC details
000 -LEADER
fixed length control field 00458nam a2200181Ia 4500
005 - DATE AND TIME OF LATEST TRANSACTION
control field 20240801030017.0
008 - FIXED-LENGTH DATA ELEMENTS--GENERAL INFORMATION
fixed length control field 240331s9999 xx 000 0 und d
020 ## - INTERNATIONAL STANDARD BOOK NUMBER
ISBN 9280311069
082 ## - DDC Classification
Item Number - Author Mark SAN
Class No. 378
100 ## - MAIN ENTRY--PERSONAL NAME
Personal name Sanyal, B.C
245 #0 - TITLE STATEMENT
Title University education and graduate employment in Sri Lanka
260 ## - PUBLICATION, DISTRIBUTION, ETC.
Place of publication, distribution, etc. Colombo
Name of publisher, distributor, etc. Marga Institute
Date of publication, distribution, etc. 1983
300 ## - PHYSICAL DESCRIPTION
Extent (e.g. Volumes, Pages etc.) xii, 411 p .,
650 ## - SUBJECT ADDED ENTRY--TOPICAL TERM
Topical term or geographic name entry element Social
650 ## - SUBJECT ADDED ENTRY--TOPICAL TERM
Topical term or geographic name entry element Economics
650 ## - SUBJECT ADDED ENTRY--TOPICAL TERM
Topical term or geographic name entry element Cultural
942 ## - Koha item type (Biblio)
Koha item type Books in Stacks (Lending)
Holdings
Lost status Damaged status Collection code Home library Current library Shelving location Date acquired Full call number Accession Number Item type
    Lending WERC Library WERC Library Social Science Cupboard 03/31/2024 378 SAN 267 Books in Stacks (Lending)

© WERC Library